| 000 | 00690nam a2200205 a 4500 | ||
|---|---|---|---|
| 005 | 20240924065800.0 | ||
| 008 | 050124s1989 mx r 000 0 spa d | ||
| 020 | _a847577458X | ||
| 035 | _aUPN01000137104 | ||
| 049 | _aCG | ||
| 050 | 4 |
_aHF5549.5 T7 _bP3.5 |
|
| 100 | 1 |
_aPain, Abraham _932032 |
|
| 245 | 1 | 0 |
_aCómo realizar un proyecto de capacitación : _bun enfoque de la ingeniería de la capacitación / _cAbraham Pain ; tr. Cristina A. Sero de Bottinelli. |
| 260 |
_aBarcelona, Esp. : _bGranica, _c1989. |
||
| 300 | _a205 p. | ||
| 440 | 0 | _aManagement | |
| 534 |
_pTraducción de : _tRéaliser un project de formation |
||
| 650 | 4 |
_aEmpleados _xCapacitación _9979 |
|
| 905 | _aLibro | ||
| 999 |
_c109255 _d109255 |
||